=LDR 00000nam 2200000 4500 =001 INLIS000000000030386 =005 20250326074542 =035 ##$$a 0010-061300000030386 =008 250326################g##########0#ind## =041 ##$$a ind =082 ##$$a F.Rom.K =090 ##$$a F.Rom.K, TIN t =100 ##$$a Tini K =245 1#$$a Tujuh putri kurcaci, Tini K /$c Tini K =260 ##$$a Jakarta :$b Bumi Aksara,$c 1995 =300 ##$$a 53 hlm. ; $c 20 x 14 cm =650 #4$$a Fiksi anak =850 ##$$a NBPNMAT =020 ##$$a 979-526-160-6 =084 ##$$a F.Rom.K TIN t =990 ##$$a 121.568/Pro.97